Musiker aus Nordrhein-Westfalen - Statistiken

Allgemein
  • Dieses Quiz wurde 223 mal gespielt
  • Das Durchschnittsergebnis liegt bei 13 aus 25
Antwortstatistiken
Songs Musiker/Band % Korrekt
99 Luftballons | Liebe ist Nena
100%
Sonderzug nach Pankow | Cello Udo Lindenberg
88%
Tage wie diese | Hier kommt Alex Die Toten Hosen
85%
Geboren um zu leben | So wie du warst Unheilig
79%
Viva Colonia | Wenn nicht jetzt, wann dann? Höhner
73%
Katzeklo | Sommer, Sonne, Kaktus! Helge Schneider
71%
Wahnsinn | Verlieben, verloren, vergessen, verzeih’n Wolfgang Petry
71%
Forever Young | Big In Japan Alphaville
67%
Du hast mich tausendmal belogen | Die Gefühle haben Schweigepflicht Andrea Berg
64%
Verdamp lang her | Kristallnaach BAP
60%
Pocahontas | Barfuß am Klavier AnnenMayKantereit
59%
Bruttosozialprodukt | Die pure Lust am Leben Geier Sturzflug
59%
Autobahn | Das Model Kraftwerk
56%
Ich find’ dich scheiße | Warum? Tic Tac Toe
55%
Everytime We Touch | Evacuate The Dancefloor Cascada
53%
Freiheit | Wieder hier Westernhagen
51%
Am Tag, als Conny Kramer starb | Wenn du denkst, du denkst, dann denkst du nur, du denkst Juliane Werding
45%
If You Believe | Lucky Day Sasha
35%
Hurra, hurra, die Schule brennt | Flieger, grüß mir die Sonne Extrabreit
34%
An guten Tagen | Alles brennt Johannes Oerding
34%
Take Me Tonight | Free Like The Wind Alexander Klaws
30%
Stop The Clocks | We’re Not Gonna Take It Donots
22%
Meine Sache | Tanzt du noch einmal mit mir? Broilers
19%
Heute hier, morgen dort | Es ist an der Zeit Hannes Wader
17%
Countdown To Insanity | Risin' High H-Blockx
14%
Keine übereinstimmenden Quizze gefunden
Verteilung der Resultate
Anzahl Personen mit jedem Resultat
Perzentil nach korrekt beantworteten Fragen
Ihre Resultats-Entwicklung
Sie haben dieses Quiz noch nicht gespielt